The First and the Last Quiz Stats

Quiz Updated Mar 13, 2018

Challenge
Share
Tweet
Embed
Score 0/42 Timer 06:00
2 Plays Today
Group % Correct
US PresidentsDonald Trump
98.2%
US PresidentsGeorge Washington
97.9%
Months of the YearJanuary
90.5%
Months of the YearDecember
90.2%
Men on the MoonNeil Armstrong
89.5%
US StatesHawaii
85.6%
Books of the BibleGenesis
79.2%
Elements by Atomic NumberHydrogen
76%
Discovered Solar System PlanetsEarth
68.8%
Pixar FilmsToy Story
68.1%
US StatesDelaware
67%
Stages of GriefAcceptance
66.8%
World Cup WinnersGermany
63.8%
Harry Potter Books...and the Philosopher's Stone
63.8%
Stages of GriefDenial
63.6%
Discovered Solar System PlanetsNeptune
62.2%
James Bond ActorsSean Connery
60.9%
James Bond ActorsDaniel Craig
60.3%
Harry Potter Books...and the Deathly Hallows
58.1%
Monarchs of England/BritainElizabeth II
56.6%
Books of the BibleRevelation
49.3%
Group % Correct
Pixar FilmsCoco
47.3%
Winter Olympics Host CitiesPyeongchang
44.5%
Beatles AlbumsLet it Be
38%
Best Picture Oscar WinnersThe Shape of Water
37.2%
NHL ChampionsPittsburgh Penguins
37%
PopesFrancis
36.3%
Signs of the ZodiacAries
32%
PopesSt. Peter
29%
British Prime MinistersTheresa May
29%
World Cup WinnersUruguay
28.9%
Signs of the ZodiacPisces
24.4%
Monarchs of England/BritainWilliam I
18.6%
Beatles AlbumsPlease Please Me
12.5%
Best Picture Oscar WinnersWings
11.7%
Horse Racing Triple Crown WinnersAmerican Pharoah
10.1%
Elements by Atomic NumberOganesson
9.5%
NHL ChampionsOttawa Senators
7.6%
British Prime MinistersSir Robert Walpole
6.5%
Winter Olympics Host CitiesChamonix
3.7%
Men on the MoonEugene Cernan
2.8%
Horse Racing Triple Crown WinnersSir Barton
1.3%

You're not logged in!

Compare scores with friends on all Sporcle quizzes.
Join for Free
OR
Log In

You Might Also Like...

Show Comments

Extras

Top Quizzes Today


Score Distribution

Your Account Isn't Verified!

In order to create a playlist on Sporcle, you need to verify the email address you used during registration. Go to your Sporcle Settings to finish the process.

Report this User

Report this user for behavior that violates our Community Guidelines.

Details: